| 000 | 00508nam a22001697a 4500 | ||
|---|---|---|---|
| 999 |
_c62249 _d62249 |
||
| 005 | 20240904154820.0 | ||
| 008 | 240904c2003 enk||||| |||| 00| 0 eng d | ||
| 022 | _a 0149 9246 | ||
| 041 | _aeng | ||
| 245 |
_aHastings International and Comparative Law Review : _b2003 / _cEditor S. Tano. |
||
| 260 |
_aCalifornia, _c2003. |
||
| 300 | _aV. | ||
| 653 | _aსამართალი | ||
| 653 | _aპერიოდიკა | ||
| 700 |
_aTano, S. _eრედაქტორი _923158 |
||
| 942 |
_2udc _cCR |
||